00931nam a2200253 a 450000100100000000500170001000800410002702000150006804000250008308200150010810000260012324000200014924501090016926000300027830000280030849000230033650000700035959000260042970000330045570000290048883000300051795201130054799900170066000004242820201002040141.0131202s1994 sp a 000 0 spa d a8420654256 aDO-SdBNPbspacBNPHU axxxbP829a1 aPopov, Evgueni96956110aDuscha patriota13aEl alma del patriota /cEvgueni Popov ; versión española de Helena S. Kriúkova y Vicente Cazcarra. aMadrid :bAlianza,c1994. a166 p. :bil. ;c22 cm.1 aAlianza cuatrov25 aIncluye referencias bibliográficas y notas al pie de páginas. aInventariado, 2019/VM12aKriúkova, Helena S.96956212aCazcarra, Vicente969563 0aAlianza cuatron25969564 001050718MOaGRbGRcHDd2013-12-02iLF1l0oxxx P829ap42428-10r2020-06-25w2020-06-25y1ZNo se presta c41917d41917